Agricultura de los antiguos estados del norte del mar negro /

Guardado en:
Autor Principal: Blavatskij, N. D.
Formato: Libro
Publicado: Moscu : , 1963
Materias:
Etiquetas: Agregar Etiqueta
Sin Etiquetas, Sea el primero en etiquetar este registro!
LEADER 00519nam a22001695a 4500
001 EHU.bham005643
003 AR-BHAM
005 20081023104723.0
008 130507s1963##################000#0#####d
082 6 3 |a 630 
100 1 |a Blavatskij, N. D. 
245 1 0 |a Agricultura de los antiguos estados del norte del mar negro /  |c N. D. Blavatskij. 
260 |a Moscu :  |b ,  |c 1963 
300 |a 205 p. 
500 |a Portada Y Texto En Ruso 
653 |a Agricultura y ganaderia 
859 |a AR-BHAM  |b BIB. HUMANIDADES - General  |h 630  |i B614  |p 453.59  |t Ej.1